Score 0/11 Timer 03:00
0 Plays Today
Scramble Answer % Correct
TOSHShot
98.2%
MOTMYTommy
97.7%
LOWBBlow
89.7%
EWDRPOPowder
81.9%
GITFHFight
81.2%
NEURNRRunner
79.4%
CHEINAMMachine
78.6%
MOSKNIGSmoking
71.5%
Word in common with all of the above:Gun
69.1%
ERTHGIFFighter
67.7%
LINGTAGGatling
52.8%
Remove Ads.
Support Sporcle.
Get the best of Sporcle when you Go Orange. This ad-free experience offers more features, more stats, and more fun while also helping to support Sporcle. Thank you for becoming a member.

You're not logged in!

Compare scores with friends on all Sporcle quizzes.
OR
Log In

Show Comments

Extras

Top Quizzes Today


Score Distribution

Your Account Isn't Verified!

In order to create a playlist on Sporcle, you need to verify the email address you used during registration. Go to your Sporcle Settings to finish the process.

Report this User

Report this user for behavior that violates our Community Guidelines.

Details: